000 00639nam a2200217Ia 4500
005 20241129104203.0
008 241129s9999||||xx |||||||||||||| ||und||
020 _a9780745347394
037 _aTextual
040 _aRTL
_beng
_cRTL
041 _aeng
_2eng
084 _aY9(W).41 R2
_qRTL
100 _aMargolies David; Cao Qing
_9725152
245 0 _aUtopia and modernity in China: Contradictions in transition
_cMargolies David; Cao Qing
260 _aNew York
_bPluto Press
_c2022
300 _avi,157p.
365 _aINR
_b2018.97
650 _aSociology
942 _cTB
_hY9(W).41 R2
999 _c1224790
_d1224790